|
|
|
|
| LEADER |
00977nam a22002537a 4500 |
| 001 |
38064 |
| 003 |
BD-DhAAL |
| 008 |
220315t2002 bg ||||| |||| 00| 0 ben d |
| 999 |
|
|
|c 43784
|d 43784
|
| 020 |
|
|
|a 9844102960
|
| 020 |
|
|
|a 9789844102965
|
| 040 |
|
|
|a BD-DhAAL
|
| 041 |
|
|
|a ben
|
| 082 |
|
|
|a 891.443
|
| 100 |
|
|
|a শাকুর, আবদুশ
|9 46999
|
| 245 |
|
|
|a গল্পসমগ্র /
|c আবদুশ শাকুর
|
| 246 |
|
|
|a Galposamogra
|
| 260 |
|
|
|a ঢাকা :
|b মাওলা ব্রাদার্স,
|c ২০০২.
|
| 300 |
|
|
|a ৫০৮ পৃষ্ঠা :
|b চিত্র ;
|c ২২ সে.মি.
|
| 541 |
|
|
|a Donated By Akbar Ali Khan
|e 38064
|
| 650 |
|
|
|a Bengali fiction.
|9 47000
|
| 852 |
|
|
|a Ayesha Abed Library
|c Akbar Ali Khan Collection
|
| 942 |
|
|
|2 ddc
|c BK
|
| 952 |
|
|
|0 0
|1 0
|2 ddc
|4 0
|6 891_443000000000000_SHA
|7 1
|9 70146
|a BRACUL
|b BRACUL
|c CS1
|d 2022-03-15
|e Donated by Akbar Ali Khan
|l 0
|o 891.443 SHA
|p 3010038064
|r 2022-03-15
|t 1
|w 2022-03-15
|y BK
|